Visualizzazione normale
Vista MARC
- Evangelisti
di Personal Name
Records bibliografici associati: 1
001 - CONTROL NUMBER
- control field: 17862
003 - CONTROL NUMBER IDENTIFIER
- control field: IT-RoPau
005 - DATE AND TIME OF LATEST TRANSACTION
- control field: 20140401091151.0
008 - FIXED-LENGTH DATA ELEMENTS
- fixed length control field: 140401|| aca||aabn | a|a d
040 ## - CATALOGING SOURCE
- Original cataloging agency: IT-RoPau
- Transcribing agency: IT-RoPau
100 ## - HEADING--PERSONAL NAME
- Personal name: Evangelisti
- Miscellaneous information: Codice autore musica SPICS: 24576
- Relator term: Autore musica
- Name of part/section of a work: Niente trucco stasera - Vivo - Chi più chi meno - Amico - Il carrozzone
670 ## - SOURCE DATA FOUND
- Source citation: Work cat.: (IT-RoPau)98901: Zero Renato 5540, Icaro